{"text_format":"3","workbook":"xlsx","n_sheets":1,"sheets":["Worksheet"],"read":"whole","date_system":"1900"}

{"sheet":"Worksheet","index":0,"n_rows":71,"n_cols":19,"rows_kept":71}
["Район","Название ОУ","Фамилия","Имя","Отчество","Пол","Дата рождения","Участник с ОВЗ","Класс","Класс участия","Балл","Добавлено баллов по итогам апелляции","Итоговый балл","Макс. балл","Статус","Призер МЭ прошлого года","Учитель","Место работы учителя","Предмет"]
["Кукморский район","МБОУ «Многопрофильный лицей им. А.М.Булатова г. Кукмор»","Мухлисов","Нурлан","Русланович","м","06.10.2012","нет",5,5,25,0,25,100,"участник",null,"Муллахметова Гульфия Фаритовна","МБОУ \"Многопрофильный лицей им.А.М.Булатова г.Кукмор\" Кукморского района РТ","Математика (РОШ)"]
["Кукморский район","МБОУ «Многопрофильный лицей им. А.М.Булатова г. Кукмор»","Ибрагимов","Эмир","Фанилевич","м","28.03.2012","нет",5,5,25,0,25,100,"участник",null,"Муллахметова Гульфия Фаритовна","МБОУ \"Многопрофильный лицей им.А.М.Булатова г.Кукмор\" Кукморского района РТ","Математика (РОШ)"]
["Кукморский район","МБОУ «Многопрофильный лицей им. А.М.Булатова г. Кукмор»","Бикеев","Альфат","Альфредович","м","13.08.2012","нет",5,5,70,0,70,100,"победитель",null,"Муллахметова Гульфия Фаритовна","МБОУ \"Многопрофильный лицей им.А.М.Булатова г.Кукмор\" Кукморского района РТ","Математика (РОШ)"]
["Кукморский район","МБОУ «Многопрофильный лицей им. А.М.Булатова г. Кукмор»","Фасхетдинов","Искандер","Ленарович","м","27.07.2012","нет",5,5,35,0,35,100,"участник",null,"Муллахметова Гульфия Фаритовна","МБОУ \"Многопрофильный лицей им.А.М.Булатова г.Кукмор\" Кукморского района РТ","Математика (РОШ)"]
["Кукморский район","МБОУ «Многопрофильный лицей им. А.М.Булатова г. Кукмор»","Лабазанов","Мухаммад","Русланович","м","26.02.2012","нет",5,5,37,0,37,100,"участник",null,"Муллахметова Гульфия Фаритовна","МБОУ \"Многопрофильный лицей им.А.М.Булатова г.Кукмор\" Кукморского района РТ","Математика (РОШ)"]
["Кукморский район","МБОУ «Многопрофильный лицей им. А.М.Булатова г. Кукмор»","Михайлов","Олег","Павлович","м","07.09.2012","нет",5,5,70,0,70,100,"победитель",null,"Муллахметова Гульфия Фаритовна","МБОУ \"Многопрофильный лицей им.А.М.Булатова г.Кукмор\" Кукморского района РТ","Математика (РОШ)"]
["Кукморский район","МБОУ «Многопрофильный лицей им. А.М.Булатова г. Кукмор»","Искаков","Кирилл","Леонидович","м","14.07.2011","нет",6,6,48,0,48,100,"участник",null,"Муллахметова Гульфия Фаритовна","МБОУ \"Многопрофильный лицей им.А.М.Булатова г.Кукмор\" Кукморского района РТ","Математика (РОШ)"]
["Кукморский район","МБОУ «Многопрофильный лицей им. А.М.Булатова г. Кукмор»","Шафигуллина","Ясмина","Алмазовна","ж","12.07.2011","нет",6,6,28,0,28,100,"участник",null,"Муллахметова Гульфия Фаритовна","МБОУ \"Многопрофильный лицей им.А.М.Булатова г.Кукмор\" Кукморского района РТ","Математика (РОШ)"]
["Кукморский район","МБОУ КСШ №3","Бектин","Матвей","Сергеевич","м","15.12.2013","нет",4,4,45,0,45,100,"участник",null,"Антипова Э.В.","МБОУ КСШ №3","Математика (РОШ)"]
["Кукморский район","МБОУ КСШ №3","Гайнутдинов","Ильнур","Ирекович","м","26.03.2013","нет",4,4,48,0,48,100,"участник",null,"Антипова Э.В.","МБОУ КСШ №3","Математика (РОШ)"]
["Кукморский район","МБОУ КСШ №3","Михайлова","Элина","Сергеевна","ж","07.10.2013","нет",4,4,30,0,30,100,"участник",null,"Гордеева Лариса Александровна","МБОУ КСШ№3","Математика (РОШ)"]
["Кукморский район","МБОУ КСШ №3","Тимергалиева","Азалия","Айнуровна","ж","27.04.2013","нет",4,4,35,0,35,100,"участник",null,"Гордеева Лариса Александровна","МБОУ КСШ№3","Математика (РОШ)"]
["Кукморский район","МБОУ КСШ №3","Петров","Макар","Викторович","м","10.07.2013","нет",4,4,13,0,13,100,"участник",null,"Гордеева Лариса Александровна","МБОУ КСШ№3","Математика (РОШ)"]
["Кукморский район","МБОУ КСШ №3","Галяветдинов","Амир","Айдарович","м","17.07.2013","нет",4,4,62,0,62,100,"призер",null,"Магсумова Алия Рамилевна","МБОУ КСШ№3","Математика (РОШ)"]
["Кукморский район","МБОУ КСШ №3","Хафизов","Рияз","Раушанович","м","26.12.2013","нет",4,4,67,0,67,100,"победитель",null,"Магсумова Алия Рамилевна","МБОУ КСШ№3","Математика (РОШ)"]
["Кукморский район","МБОУ КСШ №3","Кошкина","Дарья","Валерьевна","ж","16.09.2013","нет",4,4,30,0,30,100,"участник",null,"Шакирова Светлана Александровна","МБОУ КСШ№3","Математика (РОШ)"]
["Кукморский район","МБОУ КСШ №3","Салихов","Аяз","Алмазович","м","03.05.2012","нет",5,5,15,0,15,100,"участник",null,"Галимова Р.В.","МБОУ КСШ №3","Математика (РОШ)"]
["Кукморский район","МБОУ КСШ №3","Файзуллина","Амина","Ильнуровна","м","18.10.2011","нет",5,5,20,0,20,100,"участник",null,"Ганиева Э.Р.","МБОУ КСШ №3","Математика (РОШ)"]
["Кукморский район","МБОУ КСШ №3","Ахтямов","Даниил","Ильнурович","м","21.10.2011","нет",5,5,15,0,15,100,"участник",null,"Ахметзянова Ф.В.","МБОУ КСШ №3","Математика (РОШ)"]
["Кукморский район","МБОУ КСШ №3","Васильева","Юлия","Игоревна","ж","05.07.2012","нет",5,5,5,0,5,100,"участник",null,"Ахметзянова Ф.В.","МБОУ КСШ №3","Математика (РОШ)"]
["Кукморский район","МБОУ КСШ №3","Шаяхметов","Ильмир","Расимович","м","19.02.2012","нет",5,5,15,0,15,100,"участник",null,"Василова М.Р.","МБОУ КСШ №3","Математика (РОШ)"]
["Кукморский район","МБОУ КСШ №3","Сабиров","Карим","Низамович","м","25.03.2012","нет",5,5,15,0,15,100,"участник",null,"Ахметзянова Ф.В.","МБОУ КСШ №3","Математика (РОШ)"]
["Кукморский район","МБОУ КСШ №3","Зиятдинова","Ландыш","Рамилевна","ж","13.04.2011","нет",6,6,31,0,31,100,"участник",null,"Ганиева Э.Р.","МБОУ КСШ №3","Математика (РОШ)"]
["Кукморский район","МБОУ КСШ №3","Мингазов","Самат","Ильшатович","м","04.08.2011","нет",6,6,30,0,30,100,"участник",null,"Саматов И.И.","МБОУ КСШ №3","Математика (РОШ)"]
["Кукморский район","МБОУ КСШ №3","Иванов","Кирилл","Александрович","м","30.08.2011","нет",6,6,30,0,30,100,"участник",null,"Габбасова Р.Р.","МБОУ КСШ №3","Математика (РОШ)"]
["Кукморский район","МБОУ КСШ №3","Гилфутдинова","Эльвина","Рустемовна","ж","12.10.2011","нет",6,6,25,0,25,100,"участник",null,"Габбасова Р.Р.","МБОУ КСШ №3","Математика (РОШ)"]
["Кукморский район","МБОУ КСШ №3","Халиуллин","Карим","Ришатович","м","03.04.2012","нет",5,5,25,0,25,100,"участник",null,"Ганиева Э.Р.","МБОУ КСШ №3","Математика (РОШ)"]
["Кукморский район","МБОУ КСШ №3","Иванова","Регина","Владимировна","ж","08.08.2012","нет",5,5,5,0,5,100,"участник",null,"Ахметзянова Ф.В.","МБОУ КСШ №3","Математика (РОШ)"]
["Кукморский район","МБОУ КСШ №3","Виноградов","Ярослав","Львович","м","04.04.2012","нет",5,5,30,0,30,100,"участник",null,"Ганиева Э.Р.","МБОУ КСШ №3","Математика (РОШ)"]
["Кукморский район","МБОУ КСШ №3","Курамшина","Зарина","Ранилевна","ж","23.12.2011","нет",5,5,5,0,5,100,"участник",null,"Ахметзянова Ф.В.","МБОУ КСШ №3","Математика (РОШ)"]
["Кукморский район","МБОУ«Кукморская средняя школа №4» ","Баширов","Кирилл","Артемович","м","30.04.2013","нет",4,4,5,0,5,100,"участник",null,"Ашрапова М.Р.",null,"Математика (РОШ)"]
["Кукморский район","МБОУ«Кукморская средняя школа №4» ","Маняпова","Амина","Алмазовна","ж","29.11.2012","нет",4,4,17,0,17,100,"участник",null,"Шакирова С.А.",null,"Математика (РОШ)"]
["Кукморский район","МБОУ«Кукморская средняя школа №4» ","Шарифуллин","Ахмет","Айратович","м","07.03.2012","нет",5,5,20,0,20,100,"участник",null,"Федорова Э.А.",null,"Математика (РОШ)"]
["Кукморский район","МБОУ «СОШ с. Манзарас»","Назипова","Замира","Ниязовна","ж","30.04.2013","нет",4,4,22,0,22,100,"участник",null,"Сибгатова Ф.С.","МБОУ \"СОШ с. Манзарас\"","Математика (РОШ)"]
["Кукморский район","МБОУ «СОШ с. Манзарас»","Шафигуллин","Самат","Ринатович","м","04.04.2013","нет",4,4,7,0,7,100,"участник",null,"Ганиева Ф.Г.","МБОУ \"СОШ с. Манзарас\"","Математика (РОШ)"]
["Кукморский район","МБОУ «СОШ с. Манзарас»","Багавиева","Илюза","Айнуровна","ж","07.03.2012","нет",5,5,25,0,25,100,"участник",null,"Ахметшина Мииляуша Гаптельбаровна","МБОУ \"СОШ с. Манзарас\"","Математика (РОШ)"]
["Кукморский район","МБОУ «СОШ с. Манзарас»","Хайруллина","Асиля","Ильнаровна","ж","06.08.2012","нет",5,5,20,0,20,100,"участник",null,"Шакирова Эльмира Ринатовна","МБОУ \"СОШ с. Манзарас\"","Математика (РОШ)"]
["Кукморский район","МБОУ «Ошторма-Юмьинская средняя школа»","Степанова","Алеся","Валерьевна","ж","15.08.2012","нет",5,5,20,0,20,100,"участник",null,"Васильева Тамара Ивановна","МБОУ \"Ошторма-Юмьинская средняя школа\"","Математика (РОШ)"]
["Кукморский район","МБОУ «Ошторма-Юмьинская средняя школа»","Петров","Ефим","Андреевич","ж","22.12.2010","нет",6,6,41,0,41,100,"участник",null,"Васильева Тамара Ивановна","МБОУ \"Ошторма-Юмьинская средняя школа\"","Математика (РОШ)"]
["Кукморский район","МБОУ «Ошторма-Юмьинская средняя школа»","Романова","Валерия","Сергеевна","ж","15.06.2011","нет",6,6,43,0,43,100,"участник",null,"Васильева Тамара Ивановна","МБОУ \"Ошторма-Юмьинская средняя школа\"","Математика (РОШ)"]
["Кукморский район","МБОУ «Почкучукская средняя школа»","Шагабутдинов","Анвар","Ирекович","м","03.10.2011","нет",6,6,18,0,18,100,"участник",null,"Ярмиева Алия Фанисовна","МБОУ \"Почкучукская средняя школа\"","Математика (РОШ)"]
["Кукморский район","МБОУ “Гимназия №1”","Шакиров","Ильяс","Ильшатович","м","12.12.2012","нет",4,4,35,0,35,100,"участник",null,"Хайруллина Гульнара Зариповна","МБОУ “Гимназия №1”","Математика (РОШ)"]
["Кукморский район","МБОУ “Гимназия №1”","Сайфутдинов","Реналь","Русланович","м","12.04.2013","нет",5,5,10,0,10,100,"участник",null,"Галимова Р.Р.","МБОУ \"Гимназия №1 имени Ч.Т. Айтматова г. Кукмор\"","Математика (РОШ)"]
["Кукморский район","МБОУ “Гимназия №1”","Гатауллина","Алия","Рамилевна","ж","30.05.2012","нет",5,5,10,0,10,100,"участник",null,"Шакирова Г.Г.","МБОУ \"Гимназия №1 имени Ч.Т. Айтматова г. Кукмор\"","Математика (РОШ)"]
["Кукморский район","МБОУ “Гимназия №1”","Сайфутдинова","Диля","Айратовна","ж","2013-10-17","нет",4,4,5,0,5,100,"участник",null,"Хайруллина Гульнара Зариповна","МБОУ \"Гимназия №1 им. Ч.Т Айтматова\"","Математика (РОШ)"]
["Кукморский район","МБОУ «Большекукморская средняя школа имени М.М.Мансурова» ","Шаймарданова","Дина","Нурсиловна","ж","21.03.2013","нет",4,4,48,0,48,100,"участник",null,"Карамова Гульнар Галимулловна","МБОУ \"Большекукморская средняя школа им.М.М.Мансурова\"","Математика (РОШ)"]
["Кукморский район","МБОУ «Большекукморская средняя школа имени М.М.Мансурова» ","Накипов","Данис","Фанисович","м","25.04.2012","нет",5,5,10,0,10,100,"участник",null,"Гайнутдинов Ильназ Раифович","МБОУ \"Большекукморская средняя школа им.М.М.Мансурова\"","Математика (РОШ)"]
["Кукморский район","МБОУ «Гимназия с.Большой Сардек им.К.Ф.Шакирова»","Мубаракова","Алия","Зульфатовна","ж","07.09.2013","нет",4,4,20,0,20,100,"участник",null,"Галимзянова Ф.Ф.","МБОУ \"Гимназия с.Большой Сардек им.К.Ф.Шакирова\"","Математика (РОШ)"]
["Кукморский район","МБОУ «Гимназия с.Большой Сардек им.К.Ф.Шакирова»","Курбанов","Ибрахим","Ранифович","м","29.11.2012","нет",5,5,0,0,0,100,"участник",null,"Мубаракова Р.Р.","МБОУ \"Гимназия с.Большой Сардек им.К.Ф.Шакирова\"","Математика (РОШ)"]
["Кукморский район","МБОУ «Мамаширская средняя школа»","Хазиев","Муса","Ленарович","м","05.11.2013","нет",4,4,50,0,50,100,"призер",null,"Вагапова Лилия Минхановна","Муниципальное бюджетное общеобразовательное учреждение\"Мамаширская средняя школа\"","Математика (РОШ)"]
["Кукморский район","МБОУ «Олуязская средняя школа»","Бариева","Исламия","Айдаровна","ж","21.03.2011","нет",6,6,15,0,15,100,"участник",null,"Хабибуллина И.И.","МБОУ \"Олуязская средняя школа\"","Математика (РОШ)"]
["Кукморский район","МБОУ «Псякская средняя школа»","Сафиуллин","Инсаф","Ильнурович","м","01.10.2012","нет",4,4,15,0,15,100,"участник",null,"Нургаянова Г.З.","МБОУ \"Псякская средняя школа\"","Математика (РОШ)"]
["Кукморский район","МБОУ «Псякская средняя школа»","Касимова","Саида","Марселевна","ж","26.12.2012","нет",5,5,5,0,5,100,"участник",null,"Шафигуллина И.Р.","МБОУ \"Псякская средняя школа\"","Математика (РОШ)"]
["Кукморский район","МБОУ «Сардекбашская средняя школа»","Ганиева","Тансылу","Илгамовна","ж","14.05.2012","нет",5,5,50,0,50,100,"призер",null,"Шакирова Л.Л.","МБОУ \"Сардекбашская средняя школа\"","Математика (РОШ)"]
["Кукморский район","МБОУ «Сардекбашская средняя школа»","Хакимова","Дина","Василевна","ж","14.08.2012","нет",5,5,42,0,42,100,"участник",null,"Шакирова Л.Л.","МБОУ \"Сардекбашская средняя школа\"","Математика (РОШ)"]
["Кукморский район","МБОУ «Сардекбашская средняя школа»","Гарипова","Марьям","Талгатовна","ж","30.09.2010","нет",6,6,50,0,50,100,"призер",null,"Шакирова Л.Л.","МБОУ \"Сардекбашская средняя школа\"","Математика (РОШ)"]
["Кукморский район","МБОУ «Сардекбашская средняя школа»","Набиев","Рузаль","Ильгизович","м","07.05.2011","нет",6,6,40,0,40,100,"участник",null,"Шакирова Л.Л.","МБОУ \"Сардекбашская средняя школа\"","Математика (РОШ)"]
["Кукморский район","МБОУ «СОШ с. Село-Чура» ","Димитриева","Вероника","Владимировна","ж","22.07.2013","нет",4,4,15,0,15,100,"участник",null,"Алексеева Эльмира Айнуровна","МБОУ \"СОШ с.Село Чура\"","Математика (РОШ)"]
["Кукморский район","МБОУ «СОШ с. Село-Чура» ","Азина","Диана","Артуровна","ж","10.08.2011","нет",6,6,20,0,20,100,"участник",null,"Тукеева Эльмира Григорьевна","МБОУ \"СОШ с.Село Чура\"","Математика (РОШ)"]
["Кукморский район","МБОУ “СОШ с.Ядыгерь”","Нуриев","Амир","Рамисович","м","31.08.2013","нет",4,4,18,0,18,100,"участник",null,"Мубаракова Г.Р.","МБОУ \"СОШ с. Ядыгерь\"","Математика (РОШ)"]
["Кукморский район","МБОУ “СОШ с.Ядыгерь”","Зарипова","Залина","Рустемовна","ж","25.09.2012","нет",5,5,35,0,35,100,"участник",null,"Рахимова Р.Р.","МБОУ \"СОШ с. Ядыгерь\"","Математика (РОШ)"]
["Кукморский район","МБОУ “СОШ с.Ядыгерь”","Гайфутдинов","Радиф","Фанисович","м","21.03.2012","нет",5,5,25,0,25,100,"участник",null,"Рахимова Р.Р.","МБОУ \"СОШ с. Ядыгерь\"","Математика (РОШ)"]
["Кукморский район","МБОУ “СОШ с.Ядыгерь”","Рахимов","Рамис","Фаритович","м","03.02.2012","нет",6,6,8,0,8,100,"участник",null,"Рахимова Р.Р.","МБОУ \"СОШ с. Ядыгерь\"","Математика (РОШ)"]
["Кукморский район","МБОУ «Яныльская средняя школа имени Р.М.Зарипова","Степанов","Максим","Денисович","м","21.11.2013","нет",4,4,20,0,20,100,"участник",null,"Ганиева Алсу Миннигаяновна","МБОУ \"Яныльская средняя школа им.Р.М.Зарипова\" Кукморского муниципального района Республики Татарстан","Математика (РОШ)"]
["Кукморский район","МБОУ «Яныльская средняя школа имени Р.М.Зарипова","Габдрахманов","Айназ","Алмазович","м","29.04.2013","нет",4,4,35,0,35,100,"участник",null,"Нигаматуллина Раиля Махмудовна","МБОУ \"Яныльская средняя школа имени Р.М.Зарипова\"","Математика (РОШ)"]
["Кукморский район","МБОУ «Яныльская средняя школа имени Р.М.Зарипова","Галимов","Ризван","Рустемович","м","27.09.2013","нет",4,4,50,0,50,100,"призер",null,"Нигаматуллина Раиля Махмудовна","МБОУ \"Яныльская средняя школа имени Р.М.Зарипова\"","Математика (РОШ)"]
["Кукморский район","МБОУ «Яныльская средняя школа имени Р.М.Зарипова","Хурамшина","Ильвина","Ильмировна","ж","06.05.2012","нет",5,5,25,0,25,100,"участник",null,"Мухарлямова Гульнара Маратовна","МБОУ \"Яныльская средняя школа им.Р.М.Зарипова\" Кукморского муниципального района Республики Татарстан","Математика (РОШ)"]
["Кукморский район","МБОУ «Яныльская средняя школа имени Р.М.Зарипова","Гильмутдинов","Искандер","Ирекович","м","01.06.2011","нет",6,6,23,0,23,100,"участник",null,"Мухарлямова Гульнара Маратовна","МБОУ \"Яныльская средняя школа им.Р.М.Зарипова\" Кукморского муниципального района Республики Татарстан","Математика (РОШ)"]
["Кукморский район","МБОУ «Яныльская средняя школа имени Р.М.Зарипова","Самигуллин","Сулейман","Рйнурович","м","09.07.2012","нет",5,5,5,0,5,100,"участник",null,"Мухарлямова Гульнара Маратовна","МБОУ \"Яныльская средняя школа им. Р.М. Зарипова\"","Математика (РОШ)"]
["Кукморский район","МБОУ «Туембашская ОШ»","Гумерова","Латифа","Танзилевна","ж","07.02.2013","нет",4,4,5,0,5,100,"участник",null,"Мотыгуллина Муршида Ибрагимовна","Муниципальное бюджетное общеобразовательное учреждение \"Туембашская ОШ\" Кукморского муниципального района","Математика (РОШ)"]